000 00329 a2200157 4500
001 159099
020 _a
040 _cMagnum
100 _a-
240 1 0 _aPequeno atlas melhoramentos
_lpor
245 1 0 _aPequeno atlas melhoramentos
362 0 _a1899
440 1 _aMelhoramentos
697 _aMAGNITO: ATLAS
942 _cBK
999 _c159099
_d159099